| 000 | 00511cam a2200193ua 4500 | ||
|---|---|---|---|
| 001 | 1453 | ||
| 008 | 110713n ii |||gr||||Z||||||eng | ||
| 040 | _cMAIN | ||
| 082 | _a350 | ||
| 100 |
_aSachdeva & Gupta, _eAuthor. |
||
| 245 | 1 |
_aA simple study of public adminitration _cby Sachdeva & Gupta |
|
| 250 | _a7th. | ||
| 260 |
_adelhi: _bAjanta Prakashan,993. |
||
| 300 |
_axx; 567p: _c23cm. |
||
| 653 | _aPolitical Science | ||
| 653 | _aPublic Administration | ||
| 700 |
_aSingh, K. S., _eAuthor. |
||
| 942 | _cBK | ||
| 999 |
_c1342 _d1342 |
||